书目信息 |
| 题名: |
材料力学学习指导与提高
|
|
| 作者: | 赵志岗 编著 | |
| 分册: | ||
| 出版信息: | 北京 北京航空航天大学出版社 2003.03 |
|
| 页数: | 344页 | |
| 开本: | 23cm | |
| 丛书名: | ||
| 单 册: | ||
| 中图分类: | TB301 | |
| 科图分类: | ||
| 主题词: | 工程材料 | |
| 电子资源: | ||
| ISBN: | 7-81077-257-0 | |
| 000 | 00585nam0 2200193 45 | |
| 001 | 0447344655 | |
| 005 | 2004070413090465 | |
| 010 | @a7-81077-257-0@dCNY 32.00 | |
| 100 | @a20040704d2003 km y0chiy0120 ea | |
| 101 | 0 | @achi |
| 102 | @aCN@b110000 | |
| 200 | 1 | @a材料力学学习指导与提高@ACai Liao Li Xue Xue Xi Zhi Dao Yu Ti Gao@f赵志岗编著@FZhao Zhi Gang Bian Zhu |
| 210 | @a北京@c北京航空航天大学出版社@d2003.03 | |
| 215 | @a344页@d23cm | |
| 606 | 0 | @a工程材料 |
| 690 | @aTB301@v3 | |
| 701 | 0 | @a赵志岗@AZhao Zhi Gang@4编著 |
| 801 | 0 | @aCN@bPFT@c20040704 |
| 905 | @a安徽大学@dTB301@eZ3411 | |
| 材料力学学习指导与提高/赵志岗编著.-北京:北京航空航天大学出版社,2003.03 |
| 344页;23cm |
| ISBN 7-81077-257-0:CNY 32.00 |
| ● |
| 相关链接 |
|
|
|
正题名:材料力学学习指导与提高
索取号:TB301/Z3411
 
预约/预借
| 序号 | 登录号 | 条形码 | 馆藏地/架位号 | 状态 | 备注 |
| 1 | 383178 | 203831782 | 期刊室512/501自科库 11排3列4层/ [索取号:TB301/Z3411] | 在馆 | |
| 2 | 383179 | 203831791 | 期刊室512/501自科库 11排3列4层/ [索取号:TB301/Z3411] | 在馆 | |
| 3 | 383180 | 203831808 | 期刊室512/501自科库 11排3列4层/ [索取号:TB301/Z3411] | 在馆 | |
| 4 | 395786 | 203957860 | 自科库501/501自科库 11排3列4层/ [索取号:TB301/Z3411] | 在馆 | |
| 5 | 395787 | 203957879 | 自科库501/501自科库 11排3列4层/ [索取号:TB301/Z3411] | 在馆 | |
| 6 | 395788 | 203957888 | 期刊室512/501自科库 11排3列4层/ [索取号:TB301/Z3411] | 在馆 |